| 000 | 01075nam a22002777a 4500 | ||
|---|---|---|---|
| 999 |
_c116534 _d116534 |
||
| 003 | 0 | ||
| 005 | 20181003120353.0 | ||
| 008 | 0 | ||
| 010 | _aB-011314 | ||
| 020 | _c125.00 | ||
| 035 | _aB-011314,B-011318 | ||
| 037 | _bCen Lib/Ret | ||
| 040 |
_aDPL _bHN _c0 |
||
| 082 |
_aक _bकुलश्रे |
||
| 100 |
_aकुलश्रेष्ठ, दीप्ति _95721 |
||
| 245 |
_aकिससे करें फरियाद : _cदीप्ति कुलश्रेष्ठ _bकहानी संग्रह / |
||
| 246 |
_aKis se karain fariyad : kahani sangreh / _bby Deepti Kulshreshtha |
||
| 260 |
_aजोधपुर _bराजस्थानी ग्रंथागार् _c1999 |
||
| 270 |
_bजोधपुर _aसोजती गेट |
||
| 300 |
_a118पृ. _c21सेमी (सजिल्द) |
||
| 650 |
_aहिन्दी साहित्य _967026 |
||
| 650 |
_aकहानियां _967027 |
||
| 650 |
_aHindi literature _967028 |
||
| 650 |
_aStories _97500 |
||
| 942 |
_2ddc _cHN _hक _mकुलश्रे |
||